000 00789nam a22002297a 4500
001 BD-DhSAU 852
003 BD-DhSAU
005 20150107014134.0
008 150107b1989 ii a|||| |||| 001 0 eng d
020 _a8122401724
040 _aBD-DhSAU
082 _222
_a954.92
_bWAL
100 _aWahiduzzaman, M.
245 _aLife and times in Bangladesh /
_cM. Wahiduzzaman
260 _aNew Dellhi, India :
_bWiley eastern limited.
_c1989.
300 _avi, 87 p. :
_bill. ;
_c24 cm.
504 _aIncludes references.
590 _aMd. Sirajul Islam.
650 _aLife and times.
_zBangladesh.
650 _aEconomics.
856 _uhttps://books.google.com.bd/books?id=NpicAAAACAAJ&dq=life+and+times+bangladesh&hl=en&sa=X&ei=DP6sVISiKoGRuATS24LYBg&ved=0CB0Q6AEwAA
942 _2ddc
_cBOOK
999 _c852
_d852